000 00664nam a2200277Ia 4500
005 20260324133012.0
008 008 260324s9999 xx 000 0 eng d
020 _a9781351162364
037 _aEBOOK
040 _aCRL
040 _beng
040 _cCRL
041 _2eng
041 _aeng
084 _qCRL
100 _aWarren A. Chin
_91191432
245 0 _aBritish Weapons Acquisition Policy and the Futility of Reform
260 _bTaylor and Francis
260 _c2004
365 _a
365 _b205
856 _uhttp://www.taylorfrancis.com/books/9781351162364
942 _cEBOOK
999 _c1790066
_d1790066